000 00638nam a2200217 a 4500
005 20210223125939.0
008 060329s2004 000 eng d
020 _a9870004679
035 _aUPN01000144984
049 _aCG
050 4 _aBL624
_bC3.3
100 1 _aCarreto, Carlo
245 1 3 _aEl desierto en la ciudad :
_bespiritualidad para un mundo urbano /
_cCarlo Carreto.
260 _aBuenos Aires :
_bLumen,
_c2004.
300 _a138 p. :
_bil.
440 0 _aCaminos interiores
534 _pTraducción de:
_tII deserto nella cittá
650 4 _aVIDA RELIGIOSA
_99771
650 4 _aVIDA ESPIRITUAL
_95893
905 _aLibro
999 _c117131
_d117131